000 00294nam a22001337a 4500
082 _a894.812.3
_bTHA/P
100 _aTHALORA, SHAJI
245 _aPAKAL VAKKU
246 _aPAKAL VAKKU
_bPAKAL VAKKU
260 _aINDIA
_bITHAL
_c2024
300 _a176
650 _aMALAYALAM STORIES
942 _cBK
999 _c8906
_d8906